Psicología ambiental: estudios y aplicaciones

Gespeichert in:
Bibliographische Detailangaben
1. Verfasser: Moyano Díaz, Emilio (autor)
Format: Buch
Sprache:Spanisch
Veröffentlicht: Santiago Universidad de Santiago 1999
Schlagworte:
Tags: Tag hinzufügen
Keine Tags, Fügen Sie den ersten Tag hinzu!

MARC

LEADER 00000nam a2200000 a 4500
001 UCM2488
003 CL-VaPUC
008 020607e19990000CL |||||||||||||||||spa|d
082 0 4 |a 155.9  |b MOY  |2 21 
100 |a Moyano Díaz, Emilio  |e autor  |9 469254 
245 1 0 |a Psicología ambiental: estudios y aplicaciones 
300 |a 314 p 
942 |c BK 
945 |d 20020607 00:00:00  |a vberengu 
260 |a Santiago  |b Universidad de Santiago  |c 1999 
650 0 |a Medio ambiente  |9 257625 
650 0 |a Impacto ambiental  |9 262796 
650 7 |a CALIDAD AMBIENTAL  |2 CL-VaPUC  |9 338241 
650 0 |a Urbanismo  |9 255208 
651 0 |a Santiago  |9 265444 
651 7 |a CHILE  |2 CL-VaPUC  |9 469255 
583 |a last modification  |c 20020607 00:00:00  |k Rodrigo Vera 
999 |c 300328  |d 300326 
952 |0 0  |1 0  |4 0  |6 155_900000000000000_MOY_1999  |7 0  |8 A  |9 357943  |a BIBEDU  |b BIBEDU  |d 2019-11-21  |i 3817024  |o 155.9 MOY 1999  |p 3817024  |r 2019-11-21  |w 2019-11-21  |y BK  |k PSI